High jump all time ranking year by year - Statistics

General Stats
  • This quiz has been taken 5 times
  • The average score is 25 of 84
Answer Stats
Year Answer Time Country % Correct
1969 ??? < 2.25 ???
100%
1968 ??? < 2.25 ???
100%
1967 ??? < 2.25 ???
100%
1966 ??? < 2.25 ???
100%
1965 ??? < 2.25 ???
100%
1964 ??? < 2.25 ???
100%
2024 Gianmarco Tamberi 2.37 ITA
75%
2023 Gianmarco Tamberi 2.36 ITA
75%
= Gianmarco Tamberi 2.37 ITA
75%
= Hamish Kerr 2.36 NZL
75%
1998 Javier Sotomayor 2.37 CUB
75%
1997 Javier Sotomayor 2.37 CUB
75%
1995 Javier Sotomayor 2.40 CUB
75%
1994 Javier Sotomayor 2.44 CUB
75%
1993 Javier Sotomayor 2.45 CUB
75%
= Javier Sotomayor 2.40 CUB
75%
1989 Javier Sotomayor 2.44 CUB
75%
1988 Javier Sotomayor 2.43 CUB
75%
2022 Mutaz Essa Barshim 2.37 QAT
75%
= Mutaz Essa Barshim 2.37 QAT
75%
2019 Mutaz Essa Barshim 2.37 QAT
75%
2018 Mutaz Essa Barshim 2.40 QAT
75%
2017 Mutaz Essa Barshim 2.40 QAT
75%
2016 Mutaz Essa Barshim 2.40 QAT
75%
2015 Mutaz Essa Barshim 2.41 QAT
75%
2014 Mutaz Essa Barshim 2.43 QAT
75%
= Mutaz Essa Barshim 2.39 QAT
75%
= Shelby McEwen 2.36 USA
50%
2013 Bohdan Bondarenko 2.41 UKR
25%
= JuVaughn Harrison 2.36 USA
25%
2021 Maksim Nedasekau 2.37 BLR
25%
= Maksim Nedasekau 2.33 BLR
25%
1992 Patrick Sjöberg 2.38 SWE
25%
1987 Patrick Sjöberg 2.42 SWE
25%
2005 Stefan Holm 2.40 SWE
25%
2004 Stefan Holm 2.37 SWE
25%
2003 Stefan Holm 2.36 SWE
25%
= Aleksander WaleriaŃczyk 2.36 POL
0%
= Andrey Silnov 2.38 RUS
0%
1996 Charles Austin 2.39 USA
0%
= Charles Austin 2.40 USA
0%
2023 Danil Lysenko 2.37 RUS
0%
2020 Darryl Sullivan Jr. 2.33 USA
0%
1982 Dietmar Mögenburg 2.34 FRG
0%
1979 Dietmar Mögenburg 2.32 FRG
0%
= Dwight Stones 2.31 USA
0%
1976 Dwight Stones 2.32 USA
0%
1975 Dwight Stones 2.28 USA
0%
1974 Dwight Stones 2.28 USA
0%
1973 Dwight Stones 2.30 USA
0%
= Gerd Nagel 2.31 FRG
0%
1980 Gerd Wessig 2.36 GDR
0%
1991 Hollis Conway 2.40 USA
0%
1986 Igor Paklin 2.38 URS
0%
1985 Igor Paklin 2.41 URS
0%
= Ilya Ivanyuk 2.37 RUS
0%
= Ilya Ivanyuk 2.33 RUS
0%
2012 Ivan Ukhov 2.39 RUS
0%
2011 Ivan Ukhov 2.38 RUS
0%
2010 Ivan Ukhov 2.38 RUS
0%
2009 Ivan Ukhov 2.40 RUS
0%
2007 Ivan Ukhov 2.39 RUS
0%
= Ivan Ukhov 2.37 RUS
0%
2002 Jacques Freitag 2.37 RSA
0%
= Jamal Wilson 2.33 BAH
0%
1984 Jianhua Zhu 2.39 CHN
0%
1983 Jianhua Zhu 2.39 CHN
0%
1972 Jüri Tarmak 2.25 URS
0%
= Luis Enrique Zayas 2.33 CUB
0%
1971 Pat Matzdorf 2.29 USA
0%
1981 Roland DalhÄuser 2.31 SUI
0%
2000 Rudolf Povarnitsyn 2.40 RUS
0%
1990 Sorin Matei 2.40 ROU
0%
= Tom Gale 2.33 GBR
0%
1963 Valeriy Brumel 2.28 URS
0%
1962 Valeriy Brumel 2.27 URS
0%
1961 Valeriy Brumel 2.25 URS
0%
1978 Vladimir Yashchenko 2.35 URS
0%
1977 Vladimir Yashchenko 2.33 URS
0%
2001 Vyacheslav Voronin 2.37 RUS
0%
1999 Vyacheslav Voronin 2.37 RUS
0%
2008 Yaroslav Rybakov 2.38 RUS
0%
2006 Yaroslav Rybakov 2.37 RUS
0%
1970 Zhiqin Ni 2.29 CHN
0%
No matching quizzes found
Score Distribution
Percent of People with Each Score
Percentile by Number Answered
Your Score History
You have not taken this quiz